000 00539cam a22001097a 4500
008 180718b1976 xxu||||| |||| 00| 0 eng d
082 _aK5096x54 In2t/6
245 _aTraining for attitudinal change(22-24 January, 1976): proceedings and background papers
_cby Training Division, Department of Personnel and Administrative Reforms, India
260 _aDelhi
_bTraining Division, Department of Personnel and Administrative Reforms
_c1976
300 _a152p.
700 _aIndia. Department of Personnel and Administrative Reforms.Training Division
999 _c500049
_d500049